书目信息 |
| 题名: |
无人机航拍技术
|
|
| 作者: | 韩涌波 , 罗亮生 , 邓登登 主编 | |
| 分册: | ||
| 出版信息: | 北京 航空工业出版社 2021.5 |
|
| 页数: | 133页 | |
| 开本: | 26cm | |
| 丛书名: | 大疆慧飞无人机应用技术丛书 | |
| 单 册: | ||
| 中图分类: | TB869 | |
| 科图分类: | ||
| 主题词: | 无人驾驶飞机--航空摄影 | |
| 电子资源: | ||
| ISBN: | 978-7-5165-2456-5 | |
| 000 | 00963nam0 2200277 45 | |
| 001 | 012001000801 | |
| 005 | 20130912081823.0 | |
| 010 | @a978-7-5165-2456-5@dCNY58.00 | |
| 100 | @a20210608d2020 em y0chiy50 ea | |
| 101 | 0 | @achi |
| 102 | @aCN@b110000 | |
| 105 | @aa z 000yy | |
| 106 | @ar | |
| 200 | 1 | @a无人机航拍技术@Awu ren ji hang pai ji shu@b专著@f韩涌波,罗亮生,邓登登主编 |
| 210 | @a北京@c航空工业出版社@d2021.5 | |
| 215 | @a133页@c图,照片@d26cm | |
| 225 | 1 | @a大疆慧飞无人机应用技术丛书@f罗亮生,朱林锐总编 |
| 330 | @a本书分为7章,主要介绍无人机航拍基本概念、摄影基础、航拍构图、视频拍摄技巧和后期制作。 | |
| 461 | 0 | @12001 @a大疆慧飞无人机应用技术丛书@1701 0@a罗亮生,朱林锐总编 |
| 606 | 0 | @a无人驾驶飞机@x航空摄影 |
| 690 | @aTB869@v5 | |
| 701 | 0 | @a韩涌波@Ahan yong bo@4主编 |
| 701 | 0 | @a罗亮生@Aluo liang sheng@4主编 |
| 701 | 0 | @a邓登登@Adeng deng deng@4主编 |
| 801 | 0 | @aCN@bBJSDL@c20211011 |
| 905 | @b1335922-5@dTB869@e176@f4 | |
| 无人机航拍技术/韩涌波,罗亮生,邓登登主编.-北京:航空工业出版社,2021.5 |
| 133页:图,照片;26cm.-(大疆慧飞无人机应用技术丛书/罗亮生,朱林锐总编) |
| ISBN 978-7-5165-2456-5:CNY58.00 |
| 本书分为7章,主要介绍无人机航拍基本概念、摄影基础、航拍构图、视频拍摄技巧和后期制作。 |
| ● |
| 相关链接 |
|
|
|
|
正题名:无人机航拍技术
索取号:TB869/176
 
预约/预借
| 序号 | 登录号 | 条形码 | 馆藏地/架位号 | 状态 | 备注 |
| 1 | 1335922 | 213359220 | 第二样本阅览室/ [索取号:TB869/176] | 在馆 | |
| 2 | 1335923 | 213359239 | 第三借阅区/ [索取号:TB869/176] | 在馆 | |
| 3 | 1335924 | 213359248 | 第三借阅区/ [索取号:TB869/176] | 在馆 | |
| 4 | 1335925 | 213359257 | 第三借阅区/ [索取号:TB869/176] | 在馆 |